Doblexxo - J Balvin, Feid - Estadísticas

Estadísticas generales
  • Esta prueba ha sido intentada 36 veces
  • La puntuación promedio es 164 de 334
Estadísticas de respuestas
Letra % Correcto
a
91%
A
91%
es
82%
la
82%
La
82%
Pa
82%
pa
82%
que
82%
Que
82%
Qué
82%
va
82%
Las
73%
las
73%
lo
73%
me
73%
mi
73%
no
73%
No
73%
te
73%
y
73%
Y
73%
cora
64%
el
64%
En
64%
en
64%
ese
64%
está
64%
Esta
64%
esta
64%
Van
64%
cabrón
55%
Cómo
55%
cómo
55%
de
55%
doce
55%
entrar
55%
hora
55%
hoy
55%
José
55%
ni
55%
Se
55%
se
55%
si
55%
Si
55%
Son
55%
Tan
55%
55%
todas
55%
tu
55%
55%
Baby
45%
baby
45%
bote
45%
con
45%
dice
45%
dio
45%
Doble
45%
fue
45%
invito
45%
loquitas
45%
reloj
45%
sola
45%
tus
45%
un
45%
Un
45%
yo
45%
Yo
45%
ahora
36%
al
36%
amigas
36%
azul
36%
buscando
36%
dejan
36%
dos
36%
hay
36%
hijueputa
36%
ignoras
36%
joda
36%
le
36%
llama
36%
Mejor
36%
menos
36%
Meterle
36%
meterle
36%
noche
36%
party
36%
por
36%
porque
36%
Reina
36%
tiene
36%
vas
36%
ver
36%
Ye
36%
avise
27%
Bota
27%
cigarrillo
27%
Ferxxo
27%
fueron
27%
había
27%
hecho
27%
Mami
27%
mirar
27%
motivando
27%
mujer
27%
Pero
27%
Quiere
27%
reinicie
27%
sería
27%
shot
27%
Solo
27%
soy
27%
una
27%
Vamo
27%
aflojar
18%
amigo
18%
Ando
18%
ánimas
18%
bubaloo
18%
chorrito
18%
club
18%
conocimos
18%
cool
18%
derechos
18%
despecho
18%
después
18%
diles
18%
eso
18%
flow
18%
gusta
18%
gyal
18%
hacer
18%
hiciste
18%
meterte
18%
moral
18%
nos
18%
peligroso
18%
preguntan
18%
quería
18%
quieres
18%
shots
18%
Tapa
18%
wow
18%
zion
18%
baretica
9%
bebecita
9%
bobadita
9%
cartera
9%
culona
9%
enrolaita
9%
estaba
9%
explotar
9%
flaquita
9%
glue
9%
ir
9%
Lego
9%
loca
9%
loco
9%
Mamasota
9%
pasto
9%
repita
9%
Semejante
9%
tanguita
9%
tenía
9%
tienes
9%
volar
9%
volteo
9%
ajuicien
0%
gorilla
0%
No se encontraron pruebas coincidentes
Distribución de puntuación
Porcentaje de gente con cada puntuación
Porcentaje por número respondido
Historial de tus puntuaciones
No has intentado esta prueba.